Tecnología general del cemento

Bibliographic Details
Main Authors: Castillo Gómez, Oscar, Pou Márquez, Clara
Format: Section = Libro
Language:Undetermined
Spanish
Published: La Habana Pueblo y Educación 1981
Subjects:
LEADER 00475nam a2200181Ia 4500
008 240830s9999 xx 000 0 und d
040 |a CEDOC FIQ-RUSB / 624.1833 C334 
041 |a spa 
082 |a 624.1833 C334 
100 1 |a Castillo Gómez, Oscar 
100 1 |b Pou Márquez, Clara 
245 1 0 |a Tecnología general del cemento 
260 |a La Habana  |b Pueblo y Educación  |c 1981 
300 |a 98 p. : il 
650 7 |a CEMENTO 
942 |c BK  |2 ddc 
991 |a TEXTO 
999 |c 13216